Os problemas da família Gorgonzola (Record no. 149403)

MARC details
000 -LÍDER
campo de controle de tamanho fixo 00354 a2200145 4500
001 - NÚMERO DE CONTROLE
campo de controle 149403
040 ## - FONTE DA CATALOGAÇÃO
Instituição que transcreveu o registro Escola São Tomás de Aquino
100 ## - ENTRADA PRINCIPAL--NOME PESSOAL
Nome pessoal FURNARI, Eva
240 10 - TÍTULO UNIFORME
Título uniforme Os problemas da família Gorgonzola
Idioma da obra por
245 10 - TÍTULO
Título Os problemas da família Gorgonzola
300 ## - DESCRIÇÃO FÍSICA
Extensão 24
362 0# - DATAS DE PUBLICAÇÃO E/OU DESIGNAÇÃO SEQUENCIAL
Datas de publicação e/ou designação sequencial 2014
697 ## - ENTRADA DE ASSUNTO LOCAL--ENTIDADE COLETIVA (RLIN)
Nome corporativo ou nome da jurisdição *LITERATURA INFANTO
942 ## - ELEMENTOS DE ENTRADA ADICIONADOS (KOHA)
Tipo de material Koha Livros
Holdings
Situação do descarte Situação das perdas Situação física Não pode ser emprestado Biblioteca de origem Biblioteca atual Data de aquisição Total de empréstimos Número de chamada completo Código de barras Data de último acesso Data do preço efetivo Tipo de material Koha Fonte da classificação ou esquema de arquivamento na estante Nota pública
        ESTA - SÃO BENTO ESTA - SÃO BENTO 30/04/2024   028.52 FUR PRO EST00003415 30/04/2024 30/04/2024 Livros    
        Novo Tempo - Aureliano São José Novo Tempo - Aureliano São José 04/07/2024     if690 04/07/2024 04/07/2024 Livros Classificação Decimal de Dewey O